000 00252nam a22000977a 4500
100 _aChattopadhyay, S.
245 _aAn overview of rubber mixing and processing
260 _bRubber India, LXXVII(2): 2025. 82-86.
650 _aRubber mixing
942 _cJS
999 _c75500
_d75500